| 000 | 01025nam a2200229 a 4500 | ||
|---|---|---|---|
| 001 | BRCA_8137 | ||
| 005 | 20190320210140.0 | ||
| 008 | 110414s1965----mx-####f##---#000-0#spa-# | ||
| 041 | _aspa | ||
| 044 | _amx | ||
| 050 | 4 |
_aHD9574 _b.D611 _c1965 |
|
| 245 | 1 | 0 |
_aDiscurso pronunciado por el señor Don Rodrigo Gómez, Director General del Banco de México S.A., en la Ceremonia Conmemorativa del XL Aniversario de la Fundación de esa Institución el jueves 9 de septiembre de 1965 _cBanco de México. |
| 260 |
_aMéxico _bDirección General de Prensa, Memorias, Bibliotecas y Publicaciones _c1965 |
||
| 300 |
_a11 p. _c23 cm. |
||
| 500 | _aY219 | ||
| 600 | 1 | 4 |
_aGómez, Rodrigo _cDirector General del Banco de México _d1965 _920269 |
| 650 | 1 | 4 |
_aDiscursos _vMemorias y balances _zMéxico _920270 |
| 650 | 1 | 4 |
_aAniversarios _vCeremonias _zMéxico _920271 |
| 711 | 2 |
_aCeremonia Conmemorativa del XL Aniversario de la Fundación del Banco de México _dSeptiembre 9, 1965 _cMéxico (Ciudad) _920272 |
|
| 902 | _aGFM | ||
| 942 |
_2lcc _cB |
||
| 999 |
_c7805 _d7805 |
||